Представление документа в формате MARC21

Поле Инд. ПП Название Значение
Тип записи a
Библиографический уровень m
001 Контрольный номер RU/LIBMSTU/337781235
005 Дата корректировки 20190316143019.0
008 Кодируемые данные 100915|||||||||ru |||||||||||000|||rus||
020 a ISBN 978-5-93295-556-7
c Цена, тираж 195-00
040 b Код языка каталог. rus
041 0_ a Код языка текста rus
084 a Индекс другой классификации/Индекс ББК 67.52
090 a Полочн. индекс 67.52
x Авторский знак С 50
100 1_ a Автор Смахтин Е. В.
245 10 a Заглавие Криминалистика: соотношение с уголовным и уголовно-процессуальным правом
b Продолж. заглавия монография
c Ответственность [под общ. ред. А. С. Подшибякина]
260 a Место издания Москва
b Издательство Юрлитинформ
c Дата издания 2009
300 a Объем 231 с.
b Иллюстрации/ тип воспроизводства ил.
440 _0 a Серия Библиотека криминалиста
504 a Библиография Библиогр. в тексте
650 04 a Основная рубрика Криминалистика
653 0_ a Ключевые слова Исследования криминалистические
a Ключевые слова Криминалистика
a Ключевые слова Уголовное право
a Ключевые слова Уголовно-процессуальное право
a Ключевые слова Монографии
700 12 a Другие авторы Подшибякин А. С.
e Роль лиц ред.
901 t Тип документа m
952 c Вид литературы монография